Faculty of Law Library — Cairo University

Official Online Catalog

XXXIII Congrès Universel De La Paix / (Record no. 70889)

MARC details
000 -LEADER
fixed length control field 01019nam a2200277 i 4500
003 - CONTROL NUMBER IDENTIFIER
control field EG-GICUC
005 - DATE AND TIME OF LATEST TRANSACTION
control field 20260414125122.0
008 - FIXED-LENGTH DATA ELEMENTS--GENERAL INFORMATION
fixed length control field 260414s1939 fr fr|||| 000 0 fre d
040 ## - CATALOGING SOURCE
Original cataloging agency EG-GiCUC
Language of cataloging fre
Transcribing agency EG-GiCUC
Modifying agency EG-GiCUC
Description conventions Rda
082 04 - DEWEY DECIMAL CLASSIFICATION NUMBER
Edition number 21
Classification number 341.73
Item number CO . X
092 04 - LOCALLY ASSIGNED DEWEY CALL NUMBER (OCLC)
Edition number 21
099 ## - LOCAL FREE-TEXT CALL NUMBER (OCLC)
Classification number Law 11 341.73 CO . X 1939
111 #2 - MAIN ENTRY--MEETING NAME
Meeting name or jurisdiction name as entry element XXXIII Congrès Universel De La Paix
Location of meeting (Tenu A Zurich Salle Du Grand Conseil
Date of meeting or treaty signing Du 21 AU 24 Août 1939)
245 14 - TITLE STATEMENT
Title XXXIII Congrès Universel De La Paix /
Remainder of title Documents Officiels.
264 #1 - PRODUCTION, PUBLICATION, DISTRIBUTION, MANUFACTURE, AND COPYRIGHT NOTICE
Place of production, publication, distribution, manufacture Genève :
Name of producer, publisher, distributor, manufacturer Bureau International De La Paix,
Date of production, publication, distribution, manufacture, or copyright notice 1939.
300 ## - PHYSICAL DESCRIPTION
Extent 132 page,
Dimensions 24 cm.
336 ## - CONTENT TYPE
Source rda contenu
Content type term texte
337 ## - MEDIA TYPE
Source rda medias
Media type term Ordinateur
338 ## - CARRIER TYPE
Source transporteur rda
Carrier type term Ressource en ligne
504 ## - BIBLIOGRAPHY, ETC. NOTE
Bibliography, etc. note Comprend des références bibliographiques.<br/><br/><br/>
546 ## - LANGUAGE NOTE
Language note النص باللغة الفرنسية
650 14 - SUBJECT ADDED ENTRY--TOPICAL TERM
Topical term or geographic name entry element Droit international public
856 40 - ELECTRONIC LOCATION AND ACCESS
Uniform Resource Identifier <a href="https://fll.law.cu.edu.eg/fulltext/bks/B11-06958.pdf">https://fll.law.cu.edu.eg/fulltext/bks/B11-06958.pdf</a>
905 ## - Cataloger and Reviser Names
Cataloger Name: Basma Mohamed
942 ## - ADDED ENTRY ELEMENTS (KOHA)
Source of classification or shelving scheme Dewey Decimal Classification
Koha item type Conference proceedings
Edition 21
Suppress in OPAC No
Holdings
Withdrawn status Lost status Source of classification or shelving scheme Damaged status Not for loan Collection Home library Current library Date acquired Total checkouts Full call number Barcode Date last seen Copy number Price effective from Koha item type
    Dewey Decimal Classification   Not for loan القانون الدولي العام جــــامعة القــاهرة مكتبة كلية الحقوق - المبنى الرئيسي 14.04.2026   Law 11 341.73 CO . X 1939 1106958 C1 B11-06958 14.04.2026 1 14.04.2026 Conference proceedings

© All rights reserved — Faculty of Law, Cairo University